| 000 | 00726nam a2200241 a 4500 | ||
|---|---|---|---|
| 001 | 1552841 | ||
| 003 | OSt | ||
| 005 | 20220615030016.0 | ||
| 008 | 911002s1989 enka b 001 0ceng c | ||
| 010 | _a 91201724 | ||
| 020 |
_a1854100122 : _c£15.95 |
||
| 040 |
_aMMU _cMMU _beng _dMMU |
||
| 043 | _af-ke--- | ||
| 050 | 1 | 4 | _aDT433.566 .P38 1989b |
| 100 | 1 | _aPavitt, Nigel. | |
| 245 | 1 | 0 |
_aKenya, the first explorers / _cNigel Pavitt. |
| 260 |
_aLondon : _bAurum Press, _c1989. |
||
| 300 |
_a207 p. : _bill. (some col.) ; _c27 cm. |
||
| 500 | _aIncludes bibliographical references (p. [202]) and index. | ||
| 650 | 0 |
_aExplorers _zKenya _xBiography. |
|
| 651 | 0 |
_aKenya _xDiscovery and exploration. |
|
| 942 |
_2lcc _cLOAN LOAN |
||
| 999 |
_c26301 _d26301 |
||